Tri do Palmeiras - Statistics

Estatísticas Gerais
  • Esse quiz foi jogado 455 vezes
  • A pontuação média é 21 de 35
Estatísticas das Respostas
1999 Resposta % Correto
G Weverton
99%
LD Marcos Rocha
94%
Z Gustavo Gomez
93%
M Raphael Veiga
92%
G Marcos
89%
LE Piquerez
89%
Z Luan
88%
A Dudu
86%
LD Mayke
86%
A Rony
86%
M Danilo
79%
M Zé Rafael
75%
M Gabriel Menino
73%
A Deyverson
71%
M Gustavo Scarpa
71%
LE Vina
68%
A Breno Lopes
60%
M Patrick de Paula
54%
LD Arce
53%
A Luiz Adriano
53%
A Paulo Nunes
52%
M Felipe Melo
51%
M Alex
50%
LE Junior
50%
Z Roque Junior
49%
A Evair
44%
Z Junior baiano
42%
A Oseas
42%
M Cesar Sampaio
40%
A Wesley
36%
M Zinho
35%
M Danilo Barbosa
24%
Z Empereur
24%
M Rogério
23%
A Euller
19%
Nenhum quiz correspondente encontrado
Distribuição das Pontuações
Porcentagem de Pessoas com Cada Pontuação
Percentil de Números Respondidos
Sua Pontuação Histórica
Você não jogou esse quiz